000 00270nam a22001217a 4500
008 181220b xxu||||| |||| 00| 0 eng d
041 _aeng
080 _a616.073
100 _a6
101 _aRAD
245 _aHandbook of Clinical Audiology
_cKatz,J
942 _2udc
_cBK
999 _c53546
_d53546